| 000 | 00552nam a2200193Ia 4500 | ||
|---|---|---|---|
| 003 | GCL | ||
| 008 | 140319s9999 xx 000 0 ara d | ||
| 040 |
_aGCL / _cGCL |
||
| 082 | 0 | 4 |
_a001.43 _bا ا |
| 100 | 1 | _aانشراح الشال | |
| 245 | 1 | 0 |
_aاشكاليات منهج البحث العلمى / _cانشراح الشال |
| 260 |
_a[S.N] : _bدار الفكر العربى ، _c1991 |
||
| 300 | _a196 ص | ||
| 490 | _a | ||
| 650 | 0 | 4 | _aطرق البحث |
| 650 | 0 | 4 | _aالبحث |
| 650 | 0 | 4 | _aالبحوث العلمية |
| 942 |
_2ddc _cBK |
||
| 999 |
_c33364 _d33364 |
||